000 00361nam a22001577a 4500
003 SGT
020 _a978-1-4557-4801-3
082 _a616.9,P15B
100 _aBENNETT, JOHN E,
245 _aPRINCIPLES AND PRACTICE INFECTIOUS DISEASES
250 _a8TH
260 _aPHILADELPHIA
_bSNIVELER
_c2015
300 _a3577
650 _aMEDICINE
942 _2ddc
_cBK
999 _c8434
_d8434